000 00668nam a22001817a 4500
005 20260417120155.0
008 191121b ||||| |||| 00| 0 eng d
082 _22019
_aUT 1355
_bG58
100 _aGonzaga, Dovelynne
_940674
245 _aExpectation and Satisfaction Level of Tourists Visiting Tourist Attractions in Digos City/
_cDovelynne Gonzaga, Hanina Maruhom and Marimar Llanos
260 _aDigos CIty :
_bUMDC,
_c©August 2019
300 _a67 pages
_c30cm
650 0 _vTourism Management
_xUndergraduate thesis.
_936813
700 _a Gonzaga, Dovelynne
_940675
700 _aMaruhom, Hanina
_940676
700 _aLlanos,Marimar
_940677
942 _2ddc
_cUT
999 _c14733
_d14733